000 01104nam a2200301 4500
003 EG-GICUC
005 20260414110614.0
008 260414s1991 ua ||||fr|||| 00| 0 ara d
017 _a1990/7754
040 _a EG-GICUC
_bara
_c EG-GICUC
_d EG-GICUC
_erda
041 0 _aara
082 0 4 _221
_a341.83
_bأ ب . ت
092 0 4 _221
099 _aLaw1 11 341.83 أ ب . ت 1991
100 0 _aأبو العلا علي أبو العلا
_eمؤلف.
245 1 2 _aالتنظيم القانوني لملكية الأجانب العقارية /
_cأبو العلا علي أبو العلا.
264 1 _aالقاهرة :
_bدار العدالة،
_c1991.
300 _a125 ؛ صفحة
_c24 سم
336 _2rda content
_atext
337 _2rda media
_aComputer
338 _2rda carrier
_aOnline Resource
546 _aالنص باللغة العربية
650 1 4 _aالأجانب -- مركز قانوني -- قانون دولي
650 1 4 _aالقانون الدولى الخاص
856 4 0 _uhttps://fll.law.cu.edu.eg/fulltext/bks/B11-10091.pdf
905 _a30
942 _2ddc
_cBK
_e21
_n0
999 _c70820
_d70820